000 00612nam a22002177i 4500
003 DO-SdBNP
005 20230519123057.0
007 ta
008 230426b2009 dr ||||| |||| 00| 0 spa d
040 _bspa
_cBNPHU
_erda
_aDO-SdBNP
082 _222
_bS618
245 _aSíntesis bibliográfica del dr. Joaquín Balaguer
264 _aSanto Domingo :
_bFundación Juan Bosch,
_c2009
300 _a16 paginas ;
_c24 cm
336 _2rdacontent
_atexto
_btxt
337 _2rdamedia
_asin mediación
_bn
338 _2rdacarrier
_avolumen
_bnc
590 _aInventariado, 2023 / DG
910 _aDG
942 _2ddc
_cLF2
999 _c53356
_d53356